00716cam a2200229 a 4500001000800000005001700008008004100025010001700066020001500083040001800098041000800116080001700124082002100141100000700162101000800169245005500177504006400232906004500296942001200341999001700353952011600370398064620180307072740.0950914s1996 ohua b 001 0 eng  a 95040920  a0538861398 aDLCcDLCdDLC aeng a658.4092 PAT00a658.4092 PAT220 a54 aLID04aThe balancing act :cKerry Patterson ... [et al.]. aIncludes bibliographical references (p. 457-464) and index. a7bcbccorignewd1eocipf19gy-gencatlg 2ddccBK c44303d44303 00102udc40708PËKGa002b002cPËKGd2018-03-07l0o658.4092 PATp002-3001259r2018-03-07w2018-03-07yBK